[Event "Cappelle Online Blitz op 1st"]
[Site "Europe Echecs INT"]
[Date "2021.01.10"]
[Round "10"]
[White "Nicot, Valentin"]
[Black "Szurhaj, William"]
[Result "1-0"]
[WhiteElo "1041"]
[BlackElo "1705"]
[PlyCount "83"]
[EventDate "2021.01.10"]
[EventType "swiss (blitz)"]
[EventRounds "11"]
[EventCountry "FRA"]
[SourceTitle "CBM 200 Extra"]
[Source "ChessBase"]
[SourceDate "2021.03.31"]
[SourceVersion "1"]
[SourceVersionDate "2021.03.31"]
[SourceQuality "1"]

1. e4 c5 2. Nf3 g6 3. d4 Bg7 4. c3 cxd4 5. cxd4 d5 6. exd5 Nf6 7. Nc3 Nxd5 8. Bc4 Nxc3 9. bxc3 0-0 10. 0-0 Qc7 11. Qe2 Bg4 12. Bb3 Qxc3 13. Bb2 Bxf3 14. gxf3 Qb4 15. Qe3 Nc6 16. a3 Qd6 17. Bc3 Rad8 18. Ba4 Bxd4 19. Bxd4 Qxd4 20. Qxd4 Nxd4 21. Rfe1 Nxf3+ 22. Kg2 Nxe1+ 23. Rxe1 e6 24. Rb1 b6 25. Rc1 Rc8 26. Rd1 Rfd8 27. Re1 Rc4 28. Bd1 Rd2 29. Bf3 Rcc2 30. Rf1 Ra2 31. Kg3 Rxa3 32. Kf4 Rd4+ 33. Ke5 Rb4 34. Bg2 Kg7 35. f4 Ra5+ 36. Kd6 Rd4+ 37. Ke7 b5 38. h4 b4 39. h5 b3 40. h6+ Kxh6 41. Kxf7 Ra6 42. Rh1# 1-0

[Event "Lille Luce op 6th"]
[Site "Lille"]
[Date "2015.05.08"]
[Round "6"]
[White "Szurhaj, William"]
[Black "Geay, Philippe"]
[Result "1-0"]
[WhiteElo "1693"]
[BlackElo "1482"]
[PlyCount "25"]
[EventDate "2015.05.04"]
[EventType "swiss"]
[EventRounds "9"]
[EventCountry "FRA"]
[SourceTitle "EXT 2017"]
[Source "ChessBase"]
[SourceDate "2016.10.25"]
[SourceVersion "1"]
[SourceVersionDate "2016.10.25"]
[SourceQuality "1"]

1. e4 c5 2. Nc3 g6 3. f4 Bg7 4. Nf3 e6 5. Bc4 Nc6 6. f5 Ne5 7. Bb3 Nxf3+ 8. Qxf3 exf5 9. 0-0 d6 10. exf5 Be5 11. d3 Bxf5 12. Qxb7 Nf6 13. Qxf7# 1-0

[Event "Lille Luce op 6th"]
[Site "Lille"]
[Date "2015.05.05"]
[Round "2"]
[White "Szurhaj, William"]
[Black "Inouss, Badr"]
[Result "0-1"]
[WhiteElo "1693"]
[BlackElo "2000"]
[PlyCount "92"]
[EventDate "2015.05.04"]
[EventType "swiss"]
[EventRounds "9"]
[EventCountry "FRA"]
[SourceTitle "EXT 2017"]
[Source "ChessBase"]
[SourceDate "2016.10.25"]
[SourceVersion "1"]
[SourceVersionDate "2016.10.25"]
[SourceQuality "1"]

1. e4 c5 2. Nc3 e6 3. f4 d5 4. exd5 exd5 5. Bb5+ Nc6 6. Qe2+ Be7 7. Nf3 Nf6 8. Ne5 Bd7 9. Bxc6 bxc6 10. Qa6 Qc7 11. Qe2 0-0 12. d3 Rfe8 13. 0-0 Bd6 14. Qf2 Ng4 15. Nxg4 Bxg4 16. h3 Bd7 17. Bd2 Rab8 18. b3 Be7 19. Rae1 Qd6 20. Kh1 Bf6 21. Rxe8+ Rxe8 22. Re1 Re6 23. Rxe6 fxe6 24. a4 Bd4 25. Qh4 Qf8 26. Ne2 Bf6 27. Qf2 Be7 28. Nc3 Bd6 29. Ne2 h6 30. h4 Be8 31. Qf3 Qf6 32. Qg4 Be7 33. g3 Qa1+ 34. Kh2 Qd1 35. Qxe6+ Bf7 36. Qe3 d4 37. Qxe7 Qxd2 38. Kh3 Qxc2 39. f5 Qxd3 40. Qe5 Qf3 41. Nf4 Qh1+ 42. Kg4 h5+ 43. Kg5 Qf3 44. Nxh5 Bxh5 45. Qf4 Qxf4+ 46. Kxf4 Bd1 0-1

[Event "Lille Luce op 6th"]
[Site "Lille"]
[Date "2015.??.??"]
[Round "9.29"]
[White "Real, Thibault"]
[Black "Szurhaj, William"]
[Result "1-0"]
[WhiteElo "2026"]
[BlackElo "1693"]
[PlyCount "91"]
[EventDate "2015.05.04"]
[EventType "swiss"]
[EventRounds "9"]
[EventCountry "FRA"]
[SourceTitle "EXT 2017"]
[Source "ChessBase"]
[SourceDate "2016.10.25"]
[SourceVersion "1"]
[SourceVersionDate "2016.10.25"]
[SourceQuality "1"]

1. e4 c5 2. c3 g6 3. d4 cxd4 4. cxd4 d5 5. exd5 Nf6 6. Nc3 Bg7 7. Bb5+ Nbd7 8. d6 exd6 9. Qe2+ Qe7 10. Bf4 d5 11. Bd6 Qxe2+ 12. Ngxe2 a6 13. Bd3 Bf8 14. Bc7 Bg7 15. Bd6 Bf8 16. Be5 Bg7 17. 0-0 0-0 18. Bc7 b5 19. Bd6 Re8 20. a4 bxa4 21. Rxa4 Bb7 22. Rfa1 Nb6 23. Rb4 Nfd7 24. Bc7 Re6 25. Nf4 a5 26. Rb5 Ba6 27. Rbxa5 Bxd3 28. Rxa8+ Nxa8 29. Rxa8+ Nf8 30. Nxd3 Bxd4 31. g3 Kg7 32. Nb5 Bf6 33. Bd6 Nd7 34. Nc5 Rxd6 35. Nxd6 Nxc5 36. Ne8+ Kh6 37. Nxf6 d4 38. h4 Kg7 39. Ne8+ Kf8 40. Nf6+ Kg7 41. Nd5 d3 42. b4 Ne4 43. Ne3 Nc3 44. Ra3 Ne2+ 45. Kf1 Nc1 46. Ke1 1-0